Effects of weather variability on maize production in Migori County, Kenya (Record no. 266418)
[ view plain ]
| 000 -LEADER | |
|---|---|
| fixed length control field | 00460nam a22001577a 4500 |
| 003 - CONTROL NUMBER IDENTIFIER | |
| control field | OSt |
| 005 - DATE AND TIME OF LATEST TRANSACTION | |
| control field | 20260623083456.0 |
| 008 - FIXED-LENGTH DATA ELEMENTS--GENERAL INFORMATION | |
| fixed length control field | 260623b |||||||| |||| 00| 0 eng d |
| 024 ## - OTHER STANDARD IDENTIFIER | |
| Standard number or code | MEPM/6001/2018 |
| 040 ## - CATALOGING SOURCE | |
| Transcribing agency | Rongo University |
| 050 ## - LIBRARY OF CONGRESS CALL NUMBER | |
| Classification number | S494.5 C5 |
| Item number | .O24 |
| 100 ## - MAIN ENTRY--PERSONAL NAME | |
| Personal name | Ochola Wasonga Augustine |
| 245 ## - TITLE STATEMENT | |
| Title | Effects of weather variability on maize production in Migori County, Kenya |
| 260 ## - PUBLICATION, DISTRIBUTION, ETC. (IMPRINT) | |
| Place of publication, distribution, etc | Rongo, Kenya |
| Name of publisher, distributor, etc | Rongo Univesity |
| Date of publication, distribution, etc | 2025 |
| 942 ## - ADDED ENTRY ELEMENTS (KOHA) | |
| Source of classification or shelving scheme | Library of Congress Classification |
| Koha item type | Thesis |
| Withdrawn status | Lost status | Source of classification or shelving scheme | Damaged status | Not for loan | Collection code | Home library | Current library | Shelving location | Date acquired | Total Checkouts | Full call number | Barcode | Date last seen | Price effective from | Koha item type |
|---|---|---|---|---|---|---|---|---|---|---|---|---|---|---|---|
| Library of Congress Classification | Not For Loan | Reference | Rongo University Library | Rongo University Library | Processing Center | 23/06/2026 | S494.5 C5 .O24 2025 | RU/SASSB/2025/157 | 23/06/2026 | 23/06/2026 | Thesis |
